000
00280nam a2200097Ia 4500
082
_a
EF|WEST
245
0
_a
The sea of wise insects
100
_a
Westby-Nunn, Terry Auckland Park, South Africa, 2011
_9
66557
942
_c
BK
008
210817s9999 xx 000 0 und d
999
_c
213647
_d
213646